[Event "SRB-chT 1st League"]
[Site "Bajina Basta"]
[Date "2020.10.15"]
[Round "8.4"]
[White "Drenchev, Petar"]
[Black "Narancic, Vlado"]
[Result "1/2-1/2"]
[WhiteElo "2434"]
[BlackElo "2281"]
[PlyCount "111"]
[EventDate "2020.10.10"]
[EventType "team-tourn"]
[EventRounds "11"]
[EventCountry "SRB"]
[SourceTitle "CBM 198 Extra"]
[Source "ChessBase"]
[SourceDate "2020.11.30"]
[SourceVersion "1"]
[SourceVersionDate "2020.11.30"]
[SourceQuality "1"]
[WhiteTeam "Arandjelovac"]
[BlackTeam "Valjevo Sveti Nikolaj"]
[WhiteTeamCountry "SRB"]
[BlackTeamCountry "SRB"]

1. d4 Nf6 2. c4 g6 3. Nc3 Bg7 4. e4 d6 5. Be2 0-0 6. Bg5 c5 7. d5 e6 8. Qd2 exd5 9. exd5 Re8 10. Nf3 Bg4 11. 0-0 Bxf3 12. Bxf3 Nbd7 13. Rae1 Ne5 14. Be2 Qa5 15. Qc2 a6 16. a4 Qb4 17. b3 Rab8 18. Bd2 Qb6 19. h3 Ned7 20. Bd1 Rxe1 21. Rxe1 Re8 22. Rxe8+ Nxe8 23. Qe4 Qd8 24. Bc2 Kf8 25. g3 Qf6 26. Kg2 Qd4 27. Qxd4 Bxd4 28. a5 Ke7 29. f4 f5 30. Ne2 Bb2 31. g4 Ng7 32. Ng3 Kf6 33. Kf3 h5 34. gxf5 gxf5 35. Be1 Kg6 36. Ne2 Bf6 37. Nc3 Bd8 38. Na4 Be7 39. b4 Ne8 40. Nb6 Nxb6 41. axb6 Bd8 42. Ba4 Nf6 43. bxc5 dxc5 44. Ba5 Ne4 45. Ke3 Nd6 46. Kd3 Bf6 47. Bd7 Bd8 48. Kc3 Bf6+ 49. Kb3 Bd8 50. Be6 Ne4 51. Bc8 Nd6 52. Bd7 Ne4 53. Be8+ Kh6 54. Bc6 Nd6 55. Bd7 Kg6 56. Be6 1/2-1/2

[Event "SRB-chT 1st League"]
[Site "Bajina Basta"]
[Date "2020.10.14"]
[Round "7.4"]
[White "Narancic, Vlado"]
[Black "Dimitrov, Radoslav"]
[Result "0-1"]
[WhiteElo "2281"]
[BlackElo "2507"]
[PlyCount "60"]
[EventDate "2020.10.10"]
[EventType "team-tourn"]
[EventRounds "11"]
[EventCountry "SRB"]
[SourceTitle "CBM 198 Extra"]
[Source "ChessBase"]
[SourceDate "2020.11.30"]
[SourceVersion "1"]
[SourceVersionDate "2020.11.30"]
[SourceQuality "1"]
[WhiteTeam "Valjevo Sveti Nikolaj"]
[BlackTeam "Valjevo 2005"]
[WhiteTeamCountry "SRB"]
[BlackTeamCountry "SRB"]

1. Nf3 c5 2. g3 Nc6 3. Bg2 g6 4. d3 Bg7 5. c3 e5 6. e4 Nge7 7. Nbd2 0-0 8. 0-0 d6 9. Rb1 b5 10. b4 cxb4 11. cxb4 a5 12. bxa5 Qxa5 13. a3 Be6 14. Ng5 Bd7 15. f4 exf4 16. gxf4 h6 17. Ngf3 Be6 18. Kh1 Ba2 19. Rb2 Qxa3 20. Rxb5 Qa6 21. Rb2 Bxb2 22. Bxb2 Qxd3 23. Qe1 f6 24. Qh4 Kg7 25. e5 Nf5 26. exf6+ Kg8 27. f7+ Rxf7 28. Qg4 Ne3 29. Qh4 Nxf1 30. Bxf1 Qc2 0-1

[Event "SRB-chT 1st League"]
[Site "Bajina Basta"]
[Date "2020.10.12"]
[Round "3.6"]
[White "Narancic, Vlado"]
[Black "Celik, Hasan Huseyin"]
[Result "0-1"]
[WhiteElo "2281"]
[BlackElo "1970"]
[PlyCount "82"]
[EventDate "2020.10.10"]
[EventType "team-tourn"]
[EventRounds "11"]
[EventCountry "SRB"]
[SourceTitle "CBM 198 Extra"]
[Source "ChessBase"]
[SourceDate "2020.11.30"]
[SourceVersion "1"]
[SourceVersionDate "2020.11.30"]
[SourceQuality "1"]
[WhiteTeam "Valjevo Sveti Nikolaj"]
[BlackTeam "Cacak Borac"]
[WhiteTeamCountry "SRB"]
[BlackTeamCountry "SRB"]

1. e4 e6 2. d3 d5 3. Nd2 c5 4. c3 Nf6 5. Ngf3 Nc6 6. g3 Be7 7. Bg2 dxe4 8. dxe4 e5 9. 0-0 Qc7 10. Qe2 Be6 11. a3 0-0 12. b4 Rfd8 13. b5 Na5 14. c4 Nd7 15. Bb2 a6 16. a4 f6 17. Rfc1 Nf8 18. Bf1 Bf7 19. Nh4 Ne6 20. Nf5 Bg6 21. Ra3 Nd4 22. Nxe7+ Qxe7 23. Qe3 b6 24. Kg2 Bf7 25. Bc3 Nb7 26. a5 axb5 27. cxb5 bxa5 28. b6 a4 29. Bxd4 cxd4 30. Qf3 Qb4 31. Bc4 Qxb6 32. Bxf7+ Kxf7 33. Rb1 Qc6 34. Nc4 Kg8 35. Nb6 Ra7 36. Rxa4 Rxa4 37. Qb3+ Kh8 38. Nxa4 Na5 39. Qb5 Qxe4+ 40. Kg1 Nc6 41. Rc1 d3 0-1

[Event "BIH-chT 18th"]
[Site "Tuzla"]
[Date "2019.06.10"]
[Round "3.1"]
[White "Burovic, Ismet"]
[Black "Narancic, Vlado"]
[Result "1/2-1/2"]
[WhiteElo "2337"]
[BlackElo "2288"]
[PlyCount "79"]
[EventDate "2019.06.08"]
[EventType "team-tourn"]
[EventRounds "9"]
[EventCountry "BIH"]
[SourceTitle "CBM 190 Extra"]
[Source "ChessBase"]
[SourceDate "2019.07.15"]
[SourceVersion "1"]
[SourceVersionDate "2019.07.15"]
[SourceQuality "1"]
[WhiteTeam "Sarajevo Napredak"]
[BlackTeam "Busovaca Hrasno"]
[WhiteTeamCountry "BIH"]
[BlackTeamCountry "BIH"]

1. e4 c5 2. d3 Nc6 3. g3 g6 4. Bg2 Bg7 5. f4 d6 6. Nf3 e6 7. 0-0 Nge7 8. c3 0-0 9. Be3 a6 10. Nbd2 Rb8 11. a3 b5 12. Rc1 a5 13. d4 c4 14. Nh4 d5 15. e5 Nf5 16. Nxf5 exf5 17. h3 h5 18. Bf3 Ne7 19. Rf2 Be6 20. Nf1 Qd7 21. Bd2 Bh6 22. Rh2 Kg7 23. Qe1 Rh8 24. Bd1 Kg8 25. Qf2 Bf8 26. Ne3 Nc6 27. Bc2 Ne7 28. Kh1 Bg7 29. Rg1 Kf8 30. Qf3 Ke8 31. Be1 Kd8 32. Rgg2 Kc7 33. Qd1 Bh6 34. Qf3 Bg7 35. Qf1 Ra8 36. Bd1 Rab8 37. Bc2 Ra8 38. Bd1 Rab8 39. Bc2 Ra8 40. Bd1 1/2-1/2

[Event "Srpska Republic-chT 1st League"]
[Site "Banja Dvorovi"]
[Date "2018.08.11"]
[Round "8.1"]
[White "Bircakovic, Mile"]
[Black "Narancic, Vlado"]
[Result "1/2-1/2"]
[WhiteElo "2226"]
[BlackElo "2295"]
[PlyCount "20"]
[EventDate "2018.08.04"]
[EventType "team-tourn"]
[EventRounds "9"]
[EventCountry "BIH"]
[SourceTitle "CBM 186 Extra"]
[Source "ChessBase"]
[SourceDate "2018.08.24"]
[SourceVersion "1"]
[SourceVersionDate "2018.08.24"]
[SourceQuality "1"]
[WhiteTeam "Zvornik Drina"]
[BlackTeam "Prijedor Rudar"]
[WhiteTeamCountry "BIH"]
[BlackTeamCountry "BIH"]

1. e4 d6 2. d4 Nf6 3. Nc3 g6 4. Nf3 Bg7 5. Bg5 c6 6. Qd2 Bg4 7. Be2 Bxf3 8. Bxf3 Nbd7 9. Be2 0-0 10. 0-0 e5 1/2-1/2

[Event "Srpska Republic-chT 1st League"]
[Site "Banja Dvorovi"]
[Date "2018.08.08"]
[Round "5.1"]
[White "Narancic, Vlado"]
[Black "Bozic, Milan"]
[Result "1/2-1/2"]
[WhiteElo "2295"]
[BlackElo "2336"]
[PlyCount "53"]
[EventDate "2018.08.04"]
[EventType "team-tourn"]
[EventRounds "9"]
[EventCountry "BIH"]
[SourceTitle "CBM 186 Extra"]
[Source "ChessBase"]
[SourceDate "2018.08.24"]
[SourceVersion "1"]
[SourceVersionDate "2018.08.24"]
[SourceQuality "1"]
[WhiteTeam "Prijedor Rudar"]
[BlackTeam "Dvorovi"]
[WhiteTeamCountry "BIH"]
[BlackTeamCountry "BIH"]

1. Nf3 d6 2. g3 e5 3. d3 g6 4. Bg2 Bg7 5. c3 Ne7 6. Nbd2 0-0 7. e4 Nd7 8. 0-0 Nc5 9. Nc4 f5 10. Re1 fxe4 11. dxe4 Be6 12. Qe2 h6 13. b4 Na4 14. Bd2 Qe8 15. Ne3 Qf7 16. a3 Nb6 17. h4 Nc4 18. Nh2 Kh7 19. Bc1 a5 20. Rb1 axb4 21. axb4 b5 22. Nxc4 Bxc4 23. Qd2 Ra2 24. Rb2 Rxb2 25. Bxb2 Ra8 26. Ra1 Rxa1+ 27. Bxa1 1/2-1/2

[Event "Srpska Republic-chT 1st League"]
[Site "Banja Dvorovi"]
[Date "2018.08.04"]
[Round "1.1"]
[White "Narancic, Vlado"]
[Black "Kuzmanovic, Slobodan"]
[Result "1/2-1/2"]
[WhiteElo "2295"]
[BlackElo "2083"]
[PlyCount "42"]
[EventDate "2018.08.04"]
[EventType "team-tourn"]
[EventRounds "9"]
[EventCountry "BIH"]
[SourceTitle "CBM 186 Extra"]
[Source "ChessBase"]
[SourceDate "2018.08.24"]
[SourceVersion "1"]
[SourceVersionDate "2018.08.24"]
[SourceQuality "1"]
[WhiteTeam "Prijedor Rudar"]
[BlackTeam "Teslic Mladost"]
[WhiteTeamCountry "BIH"]
[BlackTeamCountry "BIH"]

1. e4 c5 2. Nf3 Nc6 3. d3 Nf6 4. Nbd2 d5 5. c3 g6 6. g3 Bg7 7. Bg2 0-0 8. 0-0 dxe4 9. dxe4 Ng4 10. Nc4 Nge5 11. Nfxe5 Nxe5 12. Nxe5 Bxe5 13. f4 Qxd1 14. Rxd1 Bc7 15. Be3 Bg4 16. Rd2 b6 17. h3 Be6 18. b3 Rad8 19. Rad1 Rxd2 20. Rxd2 Rd8 21. Rxd8+ Bxd8 1/2-1/2

[Event "BIH-chT 17th"]
[Site "Jahorina"]
[Date "2018.06.06"]
[Round "5.3"]
[White "Narancic, Vlado"]
[Black "Kurajica, Bojan"]
[Result "1/2-1/2"]
[WhiteElo "2289"]
[BlackElo "2512"]
[PlyCount "29"]
[EventDate "2018.06.02"]
[EventType "team-tourn"]
[EventRounds "9"]
[EventCountry "BIH"]
[SourceTitle "CBM 184 Extra"]
[Source "ChessBase"]
[SourceDate "2018.06.28"]
[SourceVersion "1"]
[SourceVersionDate "2018.06.28"]
[SourceQuality "1"]
[WhiteTeam "Bratunac"]
[BlackTeam "Sarajevo Bosna"]
[WhiteTeamCountry "BIH"]
[BlackTeamCountry "BIH"]

1. Nf3 Nf6 2. g3 b5 3. Bg2 Bb7 4. d3 g6 5. c3 Na6 6. Qb3 c6 7. e4 Bg7 8. 0-0 0-0 9. Nbd2 d6 10. d4 Qb6 11. a4 Nd7 12. Re1 e5 13. Bf1 exd4 14. cxd4 Nc7 15. a5 1/2-1/2

[Event "BIH-chT 16th"]
[Site "Sarajevo"]
[Date "2017.08.28"]
[Round "6.1"]
[White "Jovanovic, Zeljko"]
[Black "Narancic, Vlado"]
[Result "0-1"]
[WhiteElo "2197"]
[BlackElo "2294"]
[PlyCount "113"]
[EventDate "2017.08.24"]
[EventType "team-tourn"]
[EventRounds "9"]
[EventCountry "BIH"]
[SourceTitle "CBM 180 Extra"]
[Source "ChessBase"]
[SourceDate "2017.10.06"]
[SourceVersion "1"]
[SourceVersionDate "2017.10.06"]
[SourceQuality "1"]
[WhiteTeam "Bratunac"]
[BlackTeam "Busovaca Hrasno"]
[WhiteTeamCountry "BIH"]
[BlackTeamCountry "BIH"]

1. d4 Nf6 2. Nf3 g6 3. g3 Bg7 4. Bg2 d6 5. 0-0 0-0 6. c4 c6 7. Nc3 Nbd7 8. b3 Re8 9. Bb2 e5 10. dxe5 dxe5 11. Qc2 Nc5 12. Rad1 Qb6 13. Qc1 Bf5 14. h3 h5 15. Nh4 Be6 16. Nf3 e4 17. Nd4 a5 18. Ba3 Nfd7 19. Nxe6 Rxe6 20. Nxe4 a4 21. Nxc5 Nxc5 22. b4 Ne4 23. Rd3 Rae8 24. Qc2 Qa7 25. c5 b5 26. Bc1 Qe7 27. a3 Qf6 28. h4 Qf5 29. Rf3 Qd5 30. Rd1 Qc4 31. Qxc4 bxc4 32. Bf1 Nc3 33. Rd7 Nxe2+ 34. Bxe2 Rxe2 35. Rfxf7 Be5 36. Kf1 Ra2 37. Bf4 Bd4 38. Be3 Be5 39. b5 cxb5 40. c6 Rxa3 41. Rfe7 Rxe7 42. Rxe7 Bd6 43. Rd7 Rd3 44. Bf4 a3 45. Bxd6 a2 46. Be5 c3 47. Ra7 Rd1+ 48. Ke2 a1Q 49. Rxa1 Rxa1 50. c7 Ra8 51. Bxc3 Kf7 52. Kd3 Ke6 53. Kc2 Kd7 54. Be5 Ra2+ 55. Kb3 Rxf2 56. Kb4 Rf5 57. Bf4 0-1

[Event "BIH-chT 16th"]
[Site "Sarajevo"]
[Date "2017.08.24"]
[Round "1.3"]
[White "Kurajica, Bojan"]
[Black "Narancic, Vlado"]
[Result "1-0"]
[WhiteElo "2525"]
[BlackElo "2294"]
[PlyCount "55"]
[EventDate "2017.08.24"]
[EventType "team-tourn"]
[EventRounds "9"]
[EventCountry "BIH"]
[SourceTitle "CBM 180 Extra"]
[Source "ChessBase"]
[SourceDate "2017.10.06"]
[SourceVersion "1"]
[SourceVersionDate "2017.10.06"]
[SourceQuality "1"]
[WhiteTeam "Sarajevo Bosna"]
[BlackTeam "Busovaca Hrasno"]
[WhiteTeamCountry "BIH"]
[BlackTeamCountry "BIH"]

1. Nf3 Nf6 2. g3 g6 3. b3 Bg7 4. Bb2 d6 5. d4 0-0 6. Bg2 Nbd7 7. 0-0 e5 8. dxe5 Ng4 9. c4 Ngxe5 10. Nxe5 Nxe5 11. Nc3 Rb8 12. Qd2 b6 13. Rad1 Re8 14. h3 f5 15. f4 Nf7 16. Rfe1 Bb7 17. e4 Qd7 18. exf5 Bxg2 19. Kxg2 gxf5 20. Nd5 Rxe1 21. Rxe1 Re8 22. Bxg7 Kxg7 23. Rxe8 Qxe8 24. Nxc7 Qe4+ 25. Kh2 Nd8 26. Nb5 Ne6 27. Nxd6 Qb1 28. Qe2 1-0

[Event "BIH-chT 15th"]
[Site "Bihac"]
[Date "2016.07.22"]
[Round "7.4"]
[White "Narancic, Vlado"]
[Black "Mrndjic, Muamer"]
[Result "0-1"]
[WhiteElo "2299"]
[BlackElo "2234"]
[PlyCount "128"]
[EventDate "2016.07.16"]
[EventType "team-tourn"]
[EventRounds "9"]
[EventCountry "BIH"]
[SourceTitle "CBM 173 Extra"]
[Source "ChessBase"]
[SourceDate "2016.08.29"]
[SourceVersion "1"]
[SourceVersionDate "2016.08.29"]
[SourceQuality "1"]
[WhiteTeam "Srbac"]
[BlackTeam "Konjic"]
[WhiteTeamCountry "BIH"]
[BlackTeamCountry "BIH"]

1. Nf3 Nc6 2. g3 e5 3. d3 d5 4. c3 Nf6 5. Bg2 Bd6 6. Qc2 0-0 7. 0-0 h6 8. e4 dxe4 9. dxe4 a5 10. a4 b6 11. Re1 Be6 12. h3 Nd7 13. Be3 Bc5 14. Nbd2 Bxe3 15. Rxe3 Nc5 16. Bf1 Qf6 17. Nh4 g6 18. Nhf3 Kg7 19. Nc4 Rad8 20. Nfd2 Bc8 21. Rb1 Bb7 22. Na3 Nxa4 23. b4 Nxc3 24. Qxc3 axb4 25. Rxb4 Nxb4 26. Qxb4 Qd6 27. Qxd6 Rxd6 28. Nac4 Rd4 29. Nf3 Rxe4 30. Rc3 Rd8 31. Ncd2 Ra4 32. Rxc7 Ba8 33. Bc4 Ra1+ 34. Nf1 Bd5 35. Bxd5 Rxd5 36. Kg2 e4 37. N3d2 e3 38. fxe3 Ra2 39. Rb7 Raxd2+ 40. Nxd2 Rxd2+ 41. Kf3 Rb2 42. h4 h5 43. g4 hxg4+ 44. Kxg4 Rb4+ 45. Kg5 Rb5+ 46. Kf4 Kf6 47. e4 Rb1 48. Rb8 b5 49. e5+ Ke6 50. Rb6+ Kd5 51. Rd6+ Kc5 52. Rf6 b4 53. Kg5 Rg1+ 54. Kh6 b3 55. Rxf7 b2 56. Rb7 b1Q 57. Rxb1 Rxb1 58. Kxg6 Kd5 59. h5 Ke6 60. h6 Rg1+ 61. Kh7 Kxe5 62. Kh8 Kf6 63. h7 Ra1 64. Kg8 Ra8# 0-1

[Event "BIH-chT 15th"]
[Site "Bihac"]
[Date "2016.07.20"]
[Round "5.3"]
[White "Pandurevic, Miro"]
[Black "Narancic, Vlado"]
[Result "0-1"]
[WhiteElo "2275"]
[BlackElo "2299"]
[PlyCount "67"]
[EventDate "2016.07.16"]
[EventType "team-tourn"]
[EventRounds "9"]
[EventCountry "BIH"]
[SourceTitle "CBM 173 Extra"]
[Source "ChessBase"]
[SourceDate "2016.08.29"]
[SourceVersion "1"]
[SourceVersionDate "2016.08.29"]
[SourceQuality "1"]
[WhiteTeam "Samac"]
[BlackTeam "Srbac"]
[WhiteTeamCountry "BIH"]
[BlackTeamCountry "BIH"]

1. e4 c5 2. Nf3 d6 3. d4 cxd4 4. Nxd4 Nf6 5. Nc3 a6 6. f3 e5 7. Nb3 Be6 8. Bg5 Nbd7 9. Qd2 Be7 10. 0-0-0 Qc7 11. Nd5 Bxd5 12. exd5 Nb6 13. Kb1 0-0 14. g4 Rac8 15. Bd3 Nfxd5 16. Bf5 Rcd8 17. h4 g6 18. Be4 Nf6 19. Bh6 d5 20. Bf5 Nc4 21. Qc1 Rfe8 22. h5 Rd6 23. hxg6 fxg6 24. Bd3 b5 25. Rh2 Bf8 26. Rdh1 e4 27. Be2 Qf7 28. Bxf8 Rxf8 29. g5 Nh5 30. fxe4 Ng3 31. Re1 dxe4 32. Bxc4 bxc4 33. Qe3 Nf1 34. Qc5 0-1

[Event "BIH-chT 14th"]
[Site "Prijedor"]
[Date "2015.09.10"]
[Round "6.3"]
[White "Kosic, Dragan"]
[Black "Narancic, Vlado"]
[Result "1-0"]
[WhiteElo "2468"]
[BlackElo "2292"]
[PlyCount "73"]
[EventDate "2015.09.05"]
[EventType "team-tourn"]
[EventRounds "9"]
[EventCountry "BIH"]
[SourceTitle "EXT 2016"]
[Source "ChessBase"]
[SourceDate "2015.10.08"]
[SourceVersion "1"]
[SourceVersionDate "2015.10.08"]
[SourceQuality "1"]
[WhiteTeam "Sarajevo Napredak"]
[BlackTeam "Bihac"]
[WhiteTeamCountry "BIH"]
[BlackTeamCountry "BIH"]

1. d4 d6 2. Nf3 Nf6 3. c4 g6 4. Nc3 Bg7 5. e4 0-0 6. Be2 c6 7. 0-0 Nbd7 8. Be3 a6 9. a4 c5 10. d5 Qc7 11. Qd2 e5 12. dxe6 fxe6 13. Rfd1 Ne8 14. Bh6 Bxh6 15. Qxh6 Ne5 16. Nxe5 dxe5 17. Rd2 Bd7 18. h4 Nf6 19. h5 gxh5 20. Bxh5 Bc6 21. Bg4 Rae8 22. Bh3 Kh8 23. Bxe6 Ng8 24. Bxg8 Rxg8 25. Nd5 Qf7 26. Qf6+ Rg7 27. Qxf7 Rxf7 28. a5 Re6 29. Ra3 Rg6 30. Rh3 Kg7 31. Rh5 Re6 32. Rd3 h6 33. Rg3+ Kf8 34. Rgh3 Kg7 35. R3h4 Ba4 36. Ne3 Rf4 37. Rxe5 1-0

[Event "BIH-chT 14th"]
[Site "Prijedor"]
[Date "2015.09.09"]
[Round "5.3"]
[White "Narancic, Vlado"]
[Black "Lakic, Nikola"]
[Result "1-0"]
[WhiteElo "2292"]
[BlackElo "2239"]
[PlyCount "97"]
[EventDate "2015.09.05"]
[EventType "team-tourn"]
[EventRounds "9"]
[EventCountry "BIH"]
[SourceTitle "EXT 2016"]
[Source "ChessBase"]
[SourceDate "2015.10.08"]
[SourceVersion "1"]
[SourceVersionDate "2015.10.08"]
[SourceQuality "1"]
[WhiteTeam "Bihac"]
[BlackTeam "Banja Luka"]
[WhiteTeamCountry "BIH"]
[BlackTeamCountry "BIH"]

1. e4 c5 2. Nf3 d6 3. d3 Nc6 4. c3 Bg4 5. Nbd2 e5 6. g3 g6 7. Bg2 Bg7 8. Nc4 h6 9. a4 Nge7 10. 0-0 0-0 11. Rb1 Qd7 12. Ne3 Bh3 13. b4 Bxg2 14. Kxg2 b6 15. b5 Na5 16. c4 f5 17. h3 Rf7 18. Bd2 Nb7 19. Nh4 f4 20. Nd5 Kh7 21. Qg4 Qxg4 22. hxg4 Nxd5 23. exd5 Bf6 24. Nf3 fxg3 25. Kxg3 Raf8 26. Be3 e4 27. dxe4 g5 28. Nd2 Be5+ 29. Kg2 Kg7 30. f3 Na5 31. Rfc1 Kg6 32. Rc2 Rh8 33. Rh1 h5 34. gxh5+ Rxh5 35. Rxh5 Kxh5 36. Rc1 Kg6 37. Kf2 Rh7 38. Ke2 Rh4 39. Rg1 Bf4 40. Bxf4 Rxf4 41. Rh1 Rf8 42. Ke3 Nb7 43. Rg1 Rf4 44. Nb3 Nd8 45. Nc1 Kf6 46. Nd3 Rh4 47. Nf2 Nf7 48. Ng4+ Ke7 49. a5 1-0

[Event "Srpska Republic-ch"]
[Site "Prijedor"]
[Date "2014.12.13"]
[Round "5"]
[White "Narancic, Vlado"]
[Black "Hadzipasic, Emir"]
[Result "0-1"]
[WhiteElo "2304"]
[BlackElo "2070"]
[PlyCount "74"]
[EventDate "2014.12.11"]
[EventType "swiss"]
[EventRounds "9"]
[EventCountry "BIH"]
[SourceTitle "CBM 164 Extra"]
[Source "ChessBase"]
[SourceDate "2015.03.02"]
[SourceVersion "1"]
[SourceVersionDate "2015.03.02"]
[SourceQuality "1"]

1. Nf3 Nf6 2. g3 g6 3. Bg2 Bg7 4. d3 d5 5. c3 Nbd7 6. 0-0 0-0 7. Nbd2 e5 8. Qc2 c6 9. Re1 Ne8 10. e4 f5 11. b4 dxe4 12. dxe4 f4 13. Bb2 g5 14. Bh3 Qe7 15. Qb3+ Kh8 16. Qe6 Qd8 17. Bf5 Nc5 18. Qc4 Nd3 19. Reb1 Nxb2 20. Rxb2 Nd6 21. Qe2 Nxf5 22. exf5 Bxf5 23. Ne4 g4 24. Nh4 Bxe4 25. Qxe4 Qd5 26. Qe2 f3 27. Qe3 e4 28. Rd2 Qe6 29. Re1 Rae8 30. c4 Kg8 31. Qg5 Kh8 32. Qe3 Rf6 33. Qc3 Bh6 34. Rdd1 Kg8 35. Kf1 Bg5 36. c5 e3 37. Rd3 Qxa2 0-1

[Event "Srpska Republic-ch"]
[Site "Prijedor"]
[Date "2014.12.12"]
[Round "3"]
[White "Narancic, Vlado"]
[Black "Bakic, Aleksandar"]
[Result "1-0"]
[WhiteElo "2304"]
[BlackElo "1881"]
[PlyCount "93"]
[EventDate "2014.12.11"]
[EventType "swiss"]
[EventRounds "9"]
[EventCountry "BIH"]
[SourceTitle "CBM 164 Extra"]
[Source "ChessBase"]
[SourceDate "2015.03.02"]
[SourceVersion "1"]
[SourceVersionDate "2015.03.02"]
[SourceQuality "1"]

1. Nf3 Nf6 2. g3 g6 3. Bg2 Bg7 4. d3 d5 5. c3 0-0 6. 0-0 b6 7. Nbd2 Bb7 8. Qc2 Nbd7 9. Re1 e5 10. e4 dxe4 11. dxe4 Qe7 12. b4 Rfd8 13. Bf1 Ne8 14. a4 Rac8 15. Nc4 h6 16. Ne3 Nd6 17. Nd2 Ne8 18. a5 Nd6 19. f3 Rf8 20. Ndc4 Nxc4 21. Bxc4 Nf6 22. Qb3 Rfd8 23. axb6 axb6 24. Ra7 Rb8 25. Rd1 Rxd1+ 26. Qxd1 Bf8 27. Qe2 Qd8 28. Qa2 Qe8 29. Qe2 Kg7 30. g4 Bd6 31. h4 Qc8 32. Qd2 Qh8 33. g5 hxg5 34. hxg5 Nh5 35. Rxb7 Rxb7 36. Qd5 c6 37. Qxd6 Qe8 38. Ng4 Rd7 39. Nf6 Nxf6 40. Qxf6+ Kg8 41. Qxg6+ Kf8 42. Qh6+ Ke7 43. Qf6+ Kf8 44. g6 Rd1+ 45. Kh2 Rxc1 46. g7+ Kg8 47. Qh6 1-0

[Event "Srpska Republic-chT 1st League"]
[Site "Banja Vrucica"]
[Date "2014.08.12"]
[Round "4.2"]
[White "Narancic, Vlado"]
[Black "Bircakovic, Mile"]
[Result "0-1"]
[WhiteElo "2311"]
[BlackElo "2214"]
[PlyCount "50"]
[EventDate "2014.08.09"]
[EventType "team-tourn"]
[EventRounds "9"]
[EventCountry "BIH"]
[SourceTitle "EXT 2016"]
[Source "ChessBase"]
[SourceDate "2015.10.08"]
[SourceVersion "1"]
[SourceVersionDate "2015.10.08"]
[SourceQuality "1"]
[WhiteTeam "Srbac"]
[BlackTeam "Zvornik Drina"]
[WhiteTeamCountry "BIH"]
[BlackTeamCountry "BIH"]

1. Nf3 Nf6 2. g3 g6 3. Bg2 Bg7 4. c3 c5 5. d3 0-0 6. 0-0 Nc6 7. Nbd2 d5 8. e4 Qc7 9. Re1 dxe4 10. dxe4 h6 11. Qc2 Be6 12. Bf1 Rfd8 13. Bc4 Bxc4 14. Nxc4 Nd7 15. Bf4 e5 16. Bd2 Nb6 17. Ne3 Rd6 18. a4 a5 19. Qb3 Rad8 20. Bc1 Rd3 21. Qb5 c4 22. Kg2 Ra8 23. Nd5 Nxd5 24. exd5 Na7 25. d6 Rxd6 0-1

[Event "Srpska Republic-chT 1st League"]
[Site "Banja Vrucica"]
[Date "2014.08.09"]
[Round "1.5"]
[White "Narancic, Vlado"]
[Black "Pandurevic, Miro"]
[Result "0-1"]
[WhiteElo "2311"]
[BlackElo "2271"]
[PlyCount "42"]
[EventDate "2014.08.09"]
[EventType "team-tourn"]
[EventRounds "9"]
[EventCountry "BIH"]
[SourceTitle "EXT 2016"]
[Source "ChessBase"]
[SourceDate "2015.10.08"]
[SourceVersion "1"]
[SourceVersionDate "2015.10.08"]
[SourceQuality "1"]
[WhiteTeam "Srbac"]
[BlackTeam "Samac"]
[WhiteTeamCountry "BIH"]
[BlackTeamCountry "BIH"]

1. Nf3 Nf6 2. g3 g6 3. Bg2 Bg7 4. d3 0-0 5. 0-0 c5 6. c3 Nc6 7. Nbd2 d5 8. Qc2 b6 9. Re1 Bb7 10. e4 dxe4 11. dxe4 Ng4 12. e5 Qc7 13. e6 Nce5 14. h3 fxe6 15. hxg4 Nxf3+ 16. Nxf3 Bxf3 17. Bxf3 Rxf3 18. Qe4 Rxg3+ 19. fxg3 Qxg3+ 20. Kf1 Rf8+ 21. Ke2 Rf2+ 0-1

[Event "Serbian Republic op-ch"]
[Site "Prijedor"]
[Date "2013.12.14"]
[Round "5"]
[White "Cvijic, Nevenko"]
[Black "Narancic, Vlado"]
[Result "0-1"]
[WhiteElo "2136"]
[BlackElo "2319"]
[PlyCount "104"]
[EventDate "2013.12.12"]
[EventType "swiss"]
[EventRounds "7"]
[EventCountry "BIH"]
[SourceTitle "CBM 158 Extra"]
[Source "ChessBase"]
[SourceDate "2014.02.28"]
[SourceVersion "1"]
[SourceVersionDate "2014.02.28"]
[SourceQuality "1"]

1. e4 c5 2. Nf3 d6 3. d4 cxd4 4. Nxd4 Nf6 5. Nc3 a6 6. Bg5 e6 7. f4 Nbd7 8. Qf3 Be7 9. 0-0-0 Qc7 10. g4 h6 11. Bxf6 gxf6 12. Bg2 Nb6 13. Rhe1 Bd7 14. Bf1 Rc8 15. h3 Nc4 16. Bxc4 Qxc4 17. Qe2 Qxe2 18. Ncxe2 h5 19. Rh1 Kd8 20. Rdg1 hxg4 21. hxg4 Kc7 22. Kd2 Rcg8 23. Rxh8 Rxh8 24. c4 Be8 25. Kd3 Kd7 26. Rg2 Bd8 27. Nf3 Ke7 28. Rh2 Rg8 29. Rh4 Bb6 30. Ned4 Bd7 31. g5 fxg5 32. fxg5 Kf8 33. e5 Bc7 34. Ke4 Ke7 35. Rh5 Be8 36. exd6+ Bxd6 37. Rh1 Bc5 38. Ke5 Bd7 39. Rh5 b5 40. cxb5 axb5 41. Ke4 Ra8 42. a3 Ra4 43. Kd3 e5 44. Nb3 e4+ 45. Kd2 Bxa3 46. bxa3 exf3 47. Nc5 f2 48. Rh1 Bh3 49. Nxa4 bxa4 50. Rxh3 f1Q 51. Re3+ Kd6 52. Rd3+ Ke5 0-1